| 000 | 00747nam a22002537a 4500 | ||
|---|---|---|---|
| 005 | 20170124110228.0 | ||
| 010 | _aA-950256 | ||
| 020 |
_c280.00 _a817177105 |
||
| 035 | _aA-950256 | ||
| 037 | _bCen Lib/Ret | ||
| 040 |
_aDPL _bEN |
||
| 082 |
_a346.048 _bNAR |
||
| 100 |
_aNarayanan, P. _941085 |
||
| 245 |
_aIntellectyal property law / _cby P. Narayanan |
||
| 246 | _b | ||
| 250 | _a2nd ed | ||
| 260 |
_bEastern Law House _aCalcutta _c1997 |
||
| 270 |
_bCalcutta _a54, ganesh chunder avenue _e700013 |
||
| 300 |
_a561p. _c21cm(Hb) |
||
| 500 | _aIncludes appendix, bibliographical references and index | ||
| 650 |
_aLaw _9104 |
||
| 650 |
_aIntellectual property law _941086 |
||
| 942 |
_2ddc _cEN _h346.048 _mNAR |
||
| 999 |
_c134561 _d134561 |
||